000 00754cam a2200253 4500
001 2717971
003 ARRUPE
005 20160913092728.0
008 761215s1965 nyu b 000 0 eng
010 _a 64019623
035 _a(OCoLC)ocm02625228
040 _aDLC
_cEZN
_dSER
_dZCU
050 0 _aBR123
_b.B576
082 _a261
099 _a261
_aB623
100 1 _aBloy, Myron B.
_925629
245 1 4 _aThe crisis of cultural change,
_ba Christian viewpoint,
_cby Myron B. Bloy, Jr.
260 _aNew York,
_bSeabury Press
_c[1965]
300 _a139 p.
_c22 cm.
504 _aBibliographical references included in "Notes" (p. 131-139)
650 0 _aChristianity
_y20th century.
_xAddresses
_925630
942 _2lcc
_cMONOGRAPH
999 _c125197
_d125197